<?xml version="1.0" encoding="UTF-8"?>
<marc:record xmlns:marc="http://www.loc.gov/MARC21/slim">
   <marc:leader>00000nam a2200000 a 4500</marc:leader>
   <marc:datafield ind1="1" ind2=" " tag="100">
      <marc:subfield code="a">Metcalf, Robert</marc:subfield>
      <marc:subfield code="4">aut</marc:subfield>
      <marc:subfield code="e">Verfasser/-in</marc:subfield>
   </marc:datafield>
   <marc:datafield ind1=" " ind2=" " tag="653">
      <marc:subfield code="a">Lieder</marc:subfield>
   </marc:datafield>
   <marc:datafield ind1=" " ind2=" " tag="653">
      <marc:subfield code="a">Englisch</marc:subfield>
   </marc:datafield>
   <marc:datafield ind1=" " ind2=" " tag="653">
      <marc:subfield code="a">Zahlen</marc:subfield>
   </marc:datafield>
   <marc:datafield ind1="0" ind2="0" tag="245">
      <marc:subfield code="a">Sing ... with me! / mit mir! [Tonträger]</marc:subfield>
   </marc:datafield>
   <marc:datafield ind1="0" ind2="0" tag="245">
      <marc:subfield code="b">Lieder für Kinder auf Deutsch / Songs for Children in English</marc:subfield>
   </marc:datafield>
   <marc:datafield ind1="0" ind2="0" tag="245">
      <marc:subfield code="c">Metcalf, Robert</marc:subfield>
   </marc:datafield>
   <marc:datafield ind1=" " ind2="1" tag="264">
      <marc:subfield code="c">2012</marc:subfield>
   </marc:datafield>
   <marc:datafield ind1="1" ind2=" " tag="520">
      <marc:subfield code="a">Heitere Zahlenlieder für die ersten Englischschritte!&#xD;
Der Kinderliedermacher Robert Metcalf ( 1947 in Birmingham) kam 1973 als Jurastudent nach Berlin, wo er bis heute lebt. Er studierte zunächst Sozialpädagogik und arbeitet seit 1991 als Sänger, Songwriter, Workshopleiter und Darsteller und ist vielseitig engagiert rund um das Kinderlied. Neben rund 20 hochgelobten CD-Veröffentlichungen wurden die Lieder des Manns mit der Melone auch im Kinderfernsehen ausgestrahlt, z. B. im Sandmännchen und Der Sendung mit dem Elefanten. 2005 erhielt er den Leopold-Medienpreis des Verbandes der deutschen Musikschulen für das Album Zahlen, bitte! .&#xD;
Auch auf seinem neuen Album geht es um witzig-originelle, leicht skurrile Zahlenlieder, mit denen sich spielend leicht Englisch lernen lässt. Jedes der handgemachten und feinsinnig arrangierten Kinderlieder über die Zahlen 1 bis 10 ist in Deutsch und im direkten Anschluss in identischer englischer Übersetzung zu hören. Zum Schluss gibts alle Lieder noch einmal instrumental zum Üben und Singen. So wird die englische Sprache zum Kinderspiel ...</marc:subfield>
   </marc:datafield>
   <marc:datafield ind1=" " ind2=" " tag="041">
      <marc:subfield code="a">ger</marc:subfield>
   </marc:datafield>
   <marc:datafield ind1=" " ind2=" " tag="338">
      <marc:subfield code="a">Audiodisk</marc:subfield>
   </marc:datafield>
   <marc:datafield ind1=" " ind2=" " tag="300">
      <marc:subfield code="a">1 Audio-CD</marc:subfield>
   </marc:datafield>
</marc:record>
